| 000 | 01317nam0a2200277 i 4500 | ||
|---|---|---|---|
| 001 | RU\NLR\BIBL_A\010561521 | ||
| 005 | 20240921140257.0 | ||
| 010 |
_a9785946464840 _9300 |
||
| 021 |
_aRU _b2014-75352 _94615 |
||
| 035 | _a(NLR Aleph) 010561521 | ||
| 090 |
_a10382550 _c10382550 |
||
| 100 | _a20141210d2014 u y0rusy50 ca | ||
| 101 | 0 | _arus | |
| 102 | _aRU | ||
| 105 | _aa|||z|||000yy | ||
| 200 | 1 |
_aРазвитие управления надзором за деятельностью кредитных организаций России _fЗике Р.В. _gРос. акад. наук, Ур. отд-ние, Федер. гос. бюджет. учреждение науки Ин-т экономики |
|
| 210 |
_aЕкатеринбург _cФедеральное государственное бюджетное учреждение науки Институт экономики _d2014 |
||
| 215 |
_a194 с. _cил. _d21 |
||
| 320 | _aБиблиогр.: с. 170-194 (311 назв.) | ||
| 606 | 1 |
_aКредитные учреждения _xУправление _yРоссийская Федерация _92434751 _3RU\NLR\AUTH\661448910 |
|
| 686 | 1 | _aУ26(2)22 | |
| 700 | 0 |
_aЗике _bР. В. _gРегина Владимировна |
|
| 942 | _cBOOK | ||
| 980 | _aNBR | ||